Building large scale software systems : (Record no. 81060)

MARC details
000 -LEADER
fixed length control field 00809nam a22002297a 4500
005 - DATE AND TIME OF LATEST TRANSACTION
control field 20131205164609.0
010 ## - LCCN (DPL NO)
LC control number ENG-108782
020 ## - INTERNATIONAL STANDARD BOOK NUMBER
International Standard Book Number 9781259063770
Terms of availability 495.00
020 ## - INTERNATIONAL STANDARD BOOK NUMBER
International Standard Book Number 1259063771
Terms of availability 495.00
035 ## - SYSTEM CONTROL NUMBER
System control number EN-92315
037 ## - SOURCE OF ACQUISITION
Source of stock number/acquisition DBAD/PUB
082 ## - DEWEY DECIMAL CLASSIFICATION NUMBER
Classification number 005.1
100 ## - MAIN ENTRY--PERSONAL NAME
Personal name Dharanipragada Janakiram
245 ## - TITLE STATEMENT
Title Building large scale software systems :
Remainder of title a study of Linux Kernel from software engineering approach /
Statement of responsibility, etc by Dharanipragada Janakiram, Vinay Kumar [and] Suneetha Nadella
260 ## - PUBLICATION, DISTRIBUTION, ETC. (IMPRINT)
Place of publication, distribution, etc New Delhi
Name of publisher, distributor, etc McGraw Hill Education
Date of publication, distribution, etc 2013
270 ## - ADDRESS
Address P-24, Green Park Extension
City New Delhi
Postal code 110016
300 ## - PHYSICAL DESCRIPTION
Extent 95p.
Dimensions 22cm(pbk)
Accompanying material 1CD-ROM
500 ## - GENERAL NOTE
General note Includes bibliographical references
700 ## - ADDED ENTRY--PERSONAL NAME
Personal name Vinay Kumar
700 ## - ADDED ENTRY--PERSONAL NAME
Personal name Nadella, Suneetha
942 ## - ADDED ENTRY ELEMENTS (KOHA)
Source of classification or shelving scheme Dewey Decimal Classification
Item type English Books
Classification part 005.1
Call number suffix DHA
Holdings
Withdrawn status Lost status Not for loan Collection code Home library Current library Date acquired Source of acquisition Cost, normal purchase price Full call number Barcode Copy number Cost, replacement price Koha item type
    Not For Loan Non-fiction D.B.Act.Division D.B.Act.Division 05/12/2013 DBAD/PUB 495.00 005.1 DHA EN-92315 1 495.00 English Books

© Delhi Public Library
Hit Counter
free hit counter